Black psychology : compelling issues and views /

Bibliographic Details
Main Author: Williams, Louis N.
Format: Book
Language:English
Published: Washington, D.C. : University Press of America, [1978]
Edition:2d ed.
Subjects:

MARC

Tag First Indicator Second Indicator Subfields
LEADER 00000cam a2200000 i 4500
001 in00000302921
005 20151010095916.0
008 790221s1978 dcu b 00010 eng d
010 |a  78060627  
020 |a 0819105627 :  |c $7.25 
035 |a (OCoLC)04675135 
035 |9 ABH1005AM 
040 |a OCP  |c OCP  |d TXA  |d UtOrBLW 
049 |a TXAM  |c [1166266] 
090 |a E185.625  |b .W55 1978 
100 1 |a Williams, Louis N. 
245 1 0 |a Black psychology :  |b compelling issues and views /  |c Louis N. Williams. 
250 |a 2d ed. 
264 1 |a Washington, D.C. :  |b University Press of America,  |c [1978] 
264 4 |c ©1978 
300 |a 128 pages ;  |c 23 cm. 
336 |a text  |b txt  |2 rdacontent 
337 |a unmediated  |b n  |2 rdamedia 
338 |a volume  |b nc  |2 rdacarrier 
504 |a Bibliography: pages 122-128. 
650 0 |a African Americans  |x Psychology. 
999 |a MARS 
999 f f |s 110d3934-499d-3ddc-bd4c-64f704d159d4  |i e56efb28-9a26-3c1e-aa42-17be3c4f93a9  |t 0 
952 f f |p normal  |a Texas A&M University  |b College Station  |c Sterling C. Evans Library  |d Evans: Library Stacks  |t 0  |e E185.625 .W55 1978  |h Library of Congress classification  |i unmediated -- volume  |m A14802190329 
998 f f |a E185.625 .W55 1978  |t 0  |l Evans: Library Stacks